| 000 | 00738cam a22002413a 4500 | ||
|---|---|---|---|
| 001 | 17466 | ||
| 003 | PGUSA | ||
| 005 | 20140828083355.0 | ||
| 008 | 060105s2006||||xxu|||||s|||||000 | eng d | ||
| 040 |
_aPGUSA _beng |
||
| 042 | _adc | ||
| 050 | 4 | _aPZ | |
| 245 | 1 | 0 |
_aSt. Nicholas Magazine for Boys and Girls, Vol. 5, October 1878, No. 12 _h[electronic resource] / _cVarious |
| 260 |
_bProject Gutenberg, _c2006 |
||
| 506 | _aPublic domain in the USA. | ||
| 516 | _aElectronic text | ||
| 653 | _aChildren's periodicals, American | ||
| 653 | _aChildren's literature -- Periodicals | ||
| 700 | 1 |
_aDodge, Mary Mapes, _d1830-1905 |
|
| 830 | 0 |
_aProject Gutenberg _v17466 |
|
| 856 | 4 | 0 | _uhttp://www.gutenberg.org/ebooks/17466 |
| 942 | _cEB | ||
| 999 |
_c246721 _d246721 |
||